| 000 | 00477nam a22001697a 4500 | ||
|---|---|---|---|
| 005 | 20241017094458.0 | ||
| 008 | 241016b |||||||| |||| 00| 0 eng d | ||
| 020 | _a0-07-471197-0 | ||
| 082 |
_a792.028 _bCRA-E |
||
| 100 | _aCrawford, Jerry | ||
| 245 |
_aActing In Person and in Style in Australia / _cby Crawford, Hurst, Lugering, Wimmer |
||
| 260 |
_aChina : _bMcGraw Hill ; _c2005. |
||
| 300 |
_a342p. : _bill. ; _c23cm. |
||
| 650 | _aMass com | ||
| 999 |
_c36672 _d36672 |
||